Nommez un film valide - Star Wars - Statistiques

Statistiques générales
  • Ce quiz a été pris 83 fois
  • Le résultat moyen est 14 sur 18
Statistiques - réponses
Nommez un film Star Wars... Réponses possibles % Correct
de la trilogie originale Un nouvel espoir / L'Empire contre-attaque / Le Retour du Jedi
100%
réalisé par George Lucas Un nouvel espoir / La Menace fantôme / L'Attaque des clones / La Revanche des Sith
93%
de la prélogie La Menace fantôme / L'Attaques des clones / La Revanche des Sith
92%
qui ne fait pas partie d'une des principales trilogies The Clone Wars / Rogue One / Solo
90%
de la troisième trilogie Le Réveil de la Force / Les Derniers Jedi / L'Ascension de Skywalker
89%
dans lequel Anakin Skywalker et Obi-Wan Kenobi s'affrontent au sabre laser La Revanche des Sith / Un nouvel espoir
87%
dans lequel le mentor d'un personnage principal meurt Un nouvel espoir / Le Retour du Jedi / La Menace fantôme / Les Derniers Jedi
87%
dans lequel Chewbacca n'apparaît pas La Menace fantôme / L'Attaque des clones / Rogue One / The Clone Wars
86%
dans lequel Dark Maul apparaît La Menace fantôme / Solo
85%
parmi les 3 plus longs Les Derniers Jedi / L'Attaque des clones / L'Ascension de Skywalker
79%
parmi les 3 plus courts The Clone Wars / Un nouvel espoir / L'Empire contre-attaque
79%
réalisé par J.J. Abrams Le Réveil de la Force / L'Ascension de Skywalker
77%
dans lequel Yoda a été entièrement modélisé en CGI L'Attaque des clones / La Revanche des Sith
76%
dans lequel un affrontement a lieu dans une salle du trône impériale Le Retour du Jedi / Les Derniers Jedi / L'Ascension de Skywalker
72%
parmi les 3 ayant réalisé le plus d'entrées dans les cinémas français Le Réveil de la Force / La Revanche des Sith / La Menace fantôme
69%
dans lequel on voit la planète Geonosis L'Attaque des clones / The Clone Wars
65%
parmi les 3 ayant réalisé le moins d'entrées dans les cinémas français L'Empire contre-attaque / Solo / The Clone Wars
61%
parmi les 3 les dont les notes Allociné divergent le plus entre critiques et spectateurs Solo / La Menace Fantôme / The Clone Wars
56%
Aucun quiz correspondant
Distribution des résultats
% des personnes avec chaque résultat
Percentile par nombre de réponses
Votre historique - résultats
Vous n’avez pas pris ce quiz